000 006150000a22002050004500
003 LK-CoMWRAF
005 20231030125951.0
008 230817t2004 ||||| |||| 00| 0 eng d
020 _a8178240858
040 _aLK-CoMWRAF
_dLK-CoMWRAF
_eLK-CoMWRAF
041 _aeng
082 _a346.5401
_bMEN
100 _aMenon, Nivedita
245 _aRecovering Subversion:
_bFeminist Politics Beyond the Law
260 _aUrbana:
_bPermanent Black,
_c2004
300 _axii, 271 p. ; 23 cm.
_bBibliography and index included
650 _aWomen--Legal status, laws,-India
650 _aFeminist jurisprudence.
942 _cBK
999 _c678
_d678